[Event "Sparkassen-Open A"]
[Site "Heusenstamm, Martinsee"]
[Date "2023.11.24"]
[Time "09:30:00"]
[Round "2.9"]
[PlyCount "160"]
[White "Schmidbauer, Frank"]
[Black "Krause, Jonah"]
[Result "0-1"]
[WhiteElo "2042"]
[BlackElo "2366"]
[WhiteTeam "SV Wollishofen Zürich"]
[BlackTeam "FC ST.Pauli 1910 eV SAbt"]

1. Nf3 Nf6 2. g3 g6 3. Bg2 Bg7 4. c4 O-O 5. d4 d5 6. cxd5 Nxd5 7. O-O Nb6 8. Nc3
Nc6 9. e3 Re8 10. h3 a5 11. d5 Nb4 12. e4 e6 13. a3 Na6 14. Bg5 Qd7 15. Qc2 exd5
16. exd5 Qf5 17. Qb3 a4 18. Nxa4 Qxd5 19. Qxd5 Nxd5 20. Rfd1 Nb6 21. Nxb6 cxb6
22. Rd2 Nc5 23. Rad1 Bf5 24. Be3 Be4 25. Nd4 Na4 26. Rc1 Rad8 27. Rc4 Nc5 28. b4
Bxg2 29. bxc5 Bd5 30. Rc1 bxc5 31. Rxc5 Be4 32. Rc1 h5 33. Rcd1 Bf6 34. Nb5 Rxd2
35. Rxd2 Bc6 36. Nd4 Be4 37. f4 Rc8 38. Ne2 Ra8 39. Bc5 Rc8 40. Bb4 Kg7 41. h4
Rc4 42. Kf2 Bc6 43. Rd1 Rc2 44. Rd2 Rc4 45. Rd1 Re4 46. Bc5 Bb5 47. Nd4 Ba6 48.
Bb6 Re8 49. Rc1 Re7 50. Rd1 Re4 51. Kf3 Re8 52. Rc1 Bd8 53. Bxd8 Rxd8 54. Ke3
Re8+ 55. Kf3 Kf6 56. a4 Rd8 57. Ke4 Rd6 58. Nb5 Rd2 59. Rc3 Rb2 60. Nd4 Ra2 61.
Kd5 Rxa4 62. Nf3 Kf5 63. Ne5 f6 64. Nf7 Ra5+ 65. Kd6 Ke4 66. Ke7 Kd4 67. Rb3 Kc4
68. Re3 Kd4 69. Rb3 Rc5 70. Nd8 Rc3 71. Rxc3 Kxc3 72. Kxf6 b5 73. Nc6 Bb7 74.
Na7 b4 75. Kxg6 b3 76. f5 b2 77. Nb5+ Kb4 78. Kxh5 Kxb5 79. g4 b1=Q 80. Kh6 Qe4
0-1

[Event "Sparkassen-Open A"]
[Site "Heusenstamm, Martinsee"]
[Date "2023.11.24"]
[Time "09:30:00"]
[Round "2.10"]
[PlyCount "79"]
[White "Tschernatsch, Johannes"]
[Black "Berkes, Alexander"]
[Result "1/2-1/2"]
[WhiteElo "2312"]
[BlackElo "1974"]
[WhiteTeam "SC Empor Potsdam 1952 e.V."]
[BlackTeam "SK Langen"]

1. e4 e6 2. d4 d5 3. Nd2 Nf6 4. e5 Nfd7 5. Bd3 c5 6. c3 Nc6 7. Ne2 cxd4 8. cxd4
f6 9. exf6 Nxf6 10. O-O Bd6 11. Nf3 O-O 12. Bf4 Bxf4 13. Nxf4 Ne4 14. Ne2 Ng5
15. Ne5 Qb6 16. Nxc6 bxc6 17. h4 Nf7 18. Qc2 h6 19. Nf4 Ne5 20. dxe5 Rxf4 21.
Rac1 Bd7 22. g3 Rf3 23. Kg2 Raf8 24. Bh7+ Kh8 25. Bg6 Qd4 26. Qe2 Qg4 27. Bd3
Be8 28. Rce1 c5 29. Bb1 g6 30. Qa6 R3f7 31. b3 Qf3+ 32. Kg1 Qg4 33. Re3 d4 34.
Re4 Qh3 35. Bd3 Rf3 36. Be2 Rxg3+ 37. fxg3 Qxg3+ 38. Kh1 Qh3+ 39. Kg1 Qg3+ 40.
Kh1 1/2-1/2

[Event "Sparkassen-Open A"]
[Site "Heusenstamm, Martinsee"]
[Date "2023.11.24"]
[Time "09:30:00"]
[Round "2.11"]
[PlyCount "84"]
[White "Harringer, Manfred"]
[Black "Browning, Alex"]
[Result "1/2-1/2"]
[WhiteElo "2031"]
[BlackElo "2340"]
[WhiteTeam "Bergische SF 1923 Ber"]
[BlackTeam "Märkischer Springer Halver-Schal"]

1. e4 c5 2. Nf3 d6 3. Bb5+ Nd7 4. Ba4 Ngf6 5. O-O a6 6. d3 e6 7. c4 Be7 8. Nc3
O-O 9. Be3 Ng4 10. Bf4 Nge5 11. Bxd7 Nxd7 12. Qd2 Qc7 13. Bg5 Nf6 14. Rfe1 h6
15. Bh4 Bd7 16. Rac1 Bc6 17. d4 cxd4 18. Nxd4 Bd7 19. b3 Rfd8 20. f3 Be8 21. Qe2
Rac8 22. Bf2 Qa5 23. a4 d5 24. Na2 dxc4 25. Rxc4 Rxc4 26. Qxc4 b5 27. Qc3 Qxc3
28. Nxc3 Bb4 29. Rc1 Rc8 30. Nde2 Ba3 31. Rb1 e5 32. axb5 axb5 33. b4 Rc4 34.
Bc5 Nd7 35. Be7 f6 36. Rb3 Kf7 37. Rxa3 Kxe7 38. Nd5+ Kf7 39. Nec3 Nf8 40. Ra7+
Kg6 41. Ra8 Kf7 42. Ra7+ Kg6 1/2-1/2

[Event "Sparkassen-Open A"]
[Site "Heusenstamm, Martinsee"]
[Date "2023.11.24"]
[Time "09:30:00"]
[Round "2.13"]
[PlyCount "110"]
[White "Wenzel, Calvin"]
[Black "Glöckler, Christian"]
[Result "0-1"]
[WhiteElo "1993"]
[BlackElo "2332"]
[WhiteTeam "SK 1980 Gernsheim"]
[BlackTeam "Wiesbadener SV 1885"]

1. e4 c5 2. Nf3 d6 3. d4 cxd4 4. Nxd4 Nf6 5. Nc3 a6 6. Bd3 e5 7. Nde2 Be7 8. O-O
O-O 9. Ng3 Be6 10. Nd5 Bxd5 11. exd5 g6 12. c4 Ne8 13. Bh6 Ng7 14. Kh1 Nd7 15.
Rc1 f5 16. f3 a5 17. b3 Rf7 18. Bd2 Bg5 19. Ne2 Bxd2 20. Qxd2 Qe7 21. Bc2 b6 22.
a3 Rc8 23. Rfe1 Qh4 24. g3 Qh5 25. f4 Re7 26. Nd4 Qh6 27. Re2 Nh5 28. Kg2 Rf7
29. Ne6 exf4 30. Nxf4 Ne5 31. Qd4 Nxf4+ 32. gxf4 Qxh2+ 33. Kxh2 Nf3+ 34. Kg3
Nxd4 35. Rd2 Nxc2 36. Rcxc2 Re7 37. Re2 Rce8 38. Rxe7 Rxe7 39. Kf3 Kg7 40. b4
axb4 41. axb4 Rc7 42. Ke3 Kf6 43. Kd3 h6 44. Rh2 h5 45. Ra2 h4 46. Rh2 Rh7 47.
c5 dxc5 48. bxc5 bxc5 49. Kc4 h3 50. Kxc5 g5 51. fxg5+ Kxg5 52. Kd4 Kg4 53. Ke5
f4 54. d6 Kg3 55. Rxh3+ Rxh3 0-1

[Event "Sparkassen-Open A"]
[Site "Heusenstamm, Martinsee"]
[Date "2023.11.24"]
[Time "09:30:00"]
[Round "2.14"]
[PlyCount "78"]
[White "Dolzhykova, Kateryna"]
[Black "Junker, Christian"]
[Result "1/2-1/2"]
[WhiteElo "2323"]
[BlackElo "2023"]
[WhiteTeam "SV Oberursel"]
[BlackTeam "SV 1926 Neu-Isenburg"]

1. Nf3 f5 2. e4 fxe4 3. Ng5 Nf6 4. d3 e3 5. Bxe3 d5 6. d4 Bf5 7. Bd3 Qd7 8. Nc3
g6 9. h4 h6 10. Nf3 Nc6 11. Ne5 Nxe5 12. dxe5 Ng4 13. Bxf5 Qxf5 14. Qxd5 c6 15.
Qb3 Nxe3 16. fxe3 O-O-O 17. Qa4 Qxe5 18. Ne4 e6 19. O-O Bc5 20. Rae1 Bb6 21. Rf7
Rhf8 22. Rxf8 Rxf8 23. Qb4 Rf4 24. Qxb6 axb6 25. exf4 Qxf4 26. g3 Qe5 27. c3 g5
28. hxg5 hxg5 29. Kf2 g4 30. Ke3 Kb8 31. Rf1 Qb5 32. Rf8+ Ka7 33. b3 Qh5 34. Rf6
e5 35. Re6 c5 36. a4 Qf7 37. Rxe5 Qxb3 38. Kf4 Qd1 39. Re7 Qf3+ 1/2-1/2

[Event "Sparkassen-Open A"]
[Site "Heusenstamm, Martinsee"]
[Date "2023.11.24"]
[Time "09:30:00"]
[Round "2.15"]
[PlyCount "69"]
[White "Haack, Kevin"]
[Black "Schröder, Jürgen"]
[Result "1-0"]
[WhiteElo "2302"]
[BlackElo "2009"]
[WhiteTeam "SC Bad Soden"]
[BlackTeam "SC Matt im Park Ffm"]

1. e4 g6 2. d4 Bg7 3. Nc3 d6 4. f4 a6 5. Nf3 b5 6. Bd3 Nd7 7. a4 b4 8. Ne2 Bb7
9. O-O Ngf6 10. e5 Ng4 11. Ng5 Nf8 12. Qe1 c5 13. Qg3 Nh6 14. f5 cxd4 15. f6
exf6 16. exf6 Bxf6 17. Bd2 Nf5 18. Bxf5 gxf5 19. Rxf5 Rg8 20. Raf1 Nd7 21. Qf4
Rg6 22. Ng3 Be5 23. Qh4 Bd5 24. Qxh7 Nf8 25. Qh5 f6 26. Bf4 Kd7 27. Nh7 Bxf4 28.
R1xf4 Bf7 29. Nxf8+ Qxf8 30. Qf3 d5 31. Rxf6 Rxf6 32. Rxf6 Ke7 33. Qf4 Ra7 34.
Qd6+ Ke8 35. Qb8+ 1-0

[Event "Sparkassen-Open A"]
[Site "Heusenstamm, Martinsee"]
[Date "2023.11.24"]
[Time "09:30:00"]
[Round "2.16"]
[PlyCount "44"]
[White "Mährlein, Christoph, Dr."]
[Black "Eilers, Stefan"]
[Result "0-1"]
[WhiteElo "1986"]
[BlackElo "2300"]
[WhiteTeam "SC Pforzheim 1906"]
[BlackTeam "SAbt SG 1945 Dietzenbach"]

1. e4 Nc6 2. d4 d5 3. exd5 Qxd5 4. Be3 e5 5. Nc3 Bb4 6. a3 Bxc3+ 7. bxc3 Nf6 8.
c4 Qa5+ 9. Bd2 Qa4 10. d5 Nd4 11. Bd3 e4 12. c3 Qxd1+ 13. Rxd1 Bg4 14. Rb1 exd3
15. cxd4 O-O-O 16. f3 Bf5 17. g4 Rhe8+ 18. Kf2 Bxg4 19. Bg5 Bf5 20. Bxf6 gxf6
21. Re1 Rxe1 22. Kxe1 b5 0-1

[Event "Sparkassen-Open A"]
[Site "Heusenstamm, Martinsee"]
[Date "2023.11.24"]
[Round "2.17"]
[White "Wuerl, Roland"]
[Black "Neukirchner, Pascal"]
[Result "0-1"]
[WhiteElo "1974"]
[BlackElo "2286"]
[PlyCount "80"]
[EventDate "2023.??.??"]
[WhiteTeam "SC FK Babenhausen 1994"]
[BlackTeam "SK Gründau"]

1. d4 Nf6 2. Nf3 c5 3. d5 b5 4. e4 Nxe4 5. Bd3 Qa5+ 6. Nbd2 Nf6 7. O-O c4 8. Be4 d6 9. a4 g6 10. Nd4 a6 11. Bf3 Bg7 12. Re1 Qb6 13. c3 Bb7 14. axb5 axb5 15. Rxa8 Bxa8 16. b3 O-O 17. bxc4 bxc4 18. Nxc4 Qc5 19. Qd3 Rc8 20. Nc6 Nxc6 21. dxc6 Bxc6 22. Ba3 Qa7 23. Bxc6 Rxc6 24. Bb4 Qa6 25. Nb2 Qxd3 26. Nxd3 Nd5 27. Kf1 Bxc3 28. Rc1 Rc7 29. Bxc3 Rxc3 30. Rd1 e6 31. Ne1 Ra3 32. g3 Ra2 33. h4 Kg7 34. Nf3 h6 35. Nd4 Nc3 36. Rc1 Ne4 37. Ne2 d5 38. f3 Nd2+ 39. Kf2 Nb3 40. Rd1 Rd2 0-1

[Event "Sparkassen-Open A"]
[Site "Heusenstamm, Martinsee"]
[Date "2023.11.24"]
[Round "2.18"]
[White "Klundt, Klaus"]
[Black "Mayer, Frank"]
[Result "1-0"]
[WhiteElo "2280"]
[BlackElo "2006"]
[PlyCount "51"]
[EventDate "2023.??.??"]
[WhiteTeam "SC Heusenstamm"]
[BlackTeam "Wiesbadener SV 1885"]

1. e4 e6 2. d4 d5 3. Nd2 Nf6 4. e5 Nfd7 5. f4 c5 6. c3 Nc6 7. Ndf3 Qb6 8. Ne2 a5 9. g3 cxd4 10. cxd4 a4 11. a3 Qd8 12. Nc3 Nb6 13. Bb5 Bd7 14. O-O Nb8 15. Bd3 g6 16. g4 f5 17. gxf5 exf5 18. e6 Bc6 19. Ne5 Qf6 20. Nb5 Na6 21. Bd2 Be7 22. Rc1 Qxe6 23. Re1 Qf6 24. Qe2 Nc8 25. Bb4 Rf8 26. Rxc6 1-0

[Event "Sparkassen-Open A"]
[Site "Heusenstamm, Martinsee"]
[Date "2023.11.24"]
[Round "2.19"]
[White "Küpper, Martin"]
[Black "Spriestersbach, Kai"]
[Result "0-1"]
[WhiteElo "1941"]
[BlackElo "2263"]
[PlyCount "36"]
[EventDate "2023.??.??"]
[WhiteTeam "SC Fulda"]
[BlackTeam "SV Erkenschwick 1923 e"]

1. Nf3 Nf6 2. c4 g6 3. d4 Bg7 4. e3 O-O 5. Be2 c5 6. d5 e6 7. Nc3 exd5 8. cxd5 d6 9. O-O Re8 10. Re1 Bg4 11. Nd2 Bxe2 12. Rxe2 Nbd7 13. a4 Ne5 14. Qc2 Rc8 15. f4 Ned7 16. e4 c4 17. Nb5 a6 18. Nxd6 Qb6+ 0-1

[Event "Sparkassen-Open A"]
[Site "Heusenstamm, Martinsee"]
[Date "2023.11.24"]
[Round "2.20"]
[White "Hinrichs, Paul"]
[Black "Steinle, Carsten"]
[Result "1-0"]
[WhiteElo "2223"]
[BlackElo "1969"]
[PlyCount "79"]
[EventDate "2023.??.??"]
[WhiteTeam "Sfr.Heidesheim"]
[BlackTeam "SV Ahlen 1954 e. V."]

1. d4 Nf6 2. g3 e6 3. Bg2 c5 4. Nf3 Nc6 5. O-O d5 6. c4 cxd4 7. Nxd4 Qb6 8. Nxc6 bxc6 9. Qa4 Bd7 10. Qc2 Rb8 11. b3 Bc5 12. Nc3 Be7 13. e4 dxc4 14. bxc4 e5 15. Be3 Qa5 16. Ne2 O-O 17. Nc1 Be6 18. Nd3 Nd7 19. Rfc1 f6 20. Qc3 Qa4 21. f4 Ba3 22. Rc2 Bb4 23. Qb3 Qa5 24. Nxb4 Rxb4 25. Qd3 Qc7 26. f5 Bf7 27. Rd1 Rb7 28. Bf1 c5 29. Qa3 Rc8 30. Rcd2 Nb6 31. Qxc5 Bh5 32. Qxc7 Rbxc7 33. Rd8+ Kf7 34. Rxc8 Nxc8 35. Rd8 Ke7 36. Rh8 h6 37. c5 Be8 38. Rg8 Bf7 39. Rxg7 Kf8 40. Rh7 1-0

[Event "Sparkassen-Open A"]
[Site "Heusenstamm, Martinsee"]
[Date "2023.11.24"]
[Round "2.21"]
[White "Diehm, Alexander"]
[Black "Minor, Samuel"]
[Result "1/2-1/2"]
[WhiteElo "1969"]
[BlackElo "2242"]
[PlyCount "33"]
[EventDate "2023.??.??"]
[WhiteTeam "SC FK Babenhausen 1994"]
[BlackTeam "Wiesbadener SV 1885"]

1. d4 Nf6 2. c4 e6 3. Nc3 Bb4 4. Qc2 O-O 5. e4 c5 6. e5 Ne8 7. a3 Bxc3+ 8. bxc3 d6 9. Nf3 Nc6 10. Bd3 h6 11. O-O b6 12. exd6 Qxd6 13. dxc5 bxc5 14. Be3 Rb8 15. Rad1 Qe7 16. Rfe1 Rb6 17. Qa4 1/2-1/2

[Event "Sparkassen-Open A"]
[Site "Heusenstamm, Martinsee"]
[Date "2023.11.24"]
[Round "2.22"]
[White "Marcziter, Dmitrii"]
[Black "Meuer, David"]
[Result "1/2-1/2"]
[WhiteElo "2224"]
[BlackElo "1988"]
[PlyCount "140"]
[EventDate "2023.??.??"]
[WhiteTeam "SG Porz e. V."]
[BlackTeam "SV Turm Lahnstein"]

1. d4 e6 2. c4 Nf6 3. Nf3 d5 4. Nc3 Bb4 5. Qa4+ Nc6 6. e3 O-O 7. Bd2 dxc4 8. Bxc4 Bd6 9. O-O e5 10. d5 Ne7 11. Qc2 Ng6 12. Rfc1 Qe7 13. e4 Nh5 14. Bf1 f5 15. Nb5 fxe4 16. Ng5 Bf5 17. Nxe4 Nf6 18. Bd3 Nxe4 19. Bxe4 Bxe4 20. Qxe4 Nf4 21. Nxd6 cxd6 22. Rc3 Qh4 23. f3 Qg5 24. Bxf4 Rxf4 25. Qe3 Raf8 26. Rac1 Qf5 27. Qd3 e4 28. fxe4 Rxe4 29. Rf1 Qxf1+ 30. Qxf1 Rxf1+ 31. Kxf1 Rb4 32. b3 Kf7 33. Rc7+ Kf6 34. Rd7 Rb6 35. Ke2 Ra6 36. Rxb7 Rxa2+ 37. Kf3 Rd2 38. Rxa7 Rxd5 39. Rb7 Rd2 40. h4 Rb2 41. g4 h6 42. Ke4 Rh2 43. h5 Rg2 44. Kf3 Rb2 45. Rb4 g6 46. Ke4 gxh5 47. gxh5 Rh2 48. Rb5 Rh4+ 49. Kd3 Ke6 50. Kc3 Kd7 51. b4 Kc6 52. Rf5 Rh3+ 53. Kc4 Rh4+ 54. Kb3 Rh1 55. b5+ Kb6 56. Kc4 Rc1+ 57. Kd4 Rd1+ 58. Ke4 d5+ 59. Ke3 Kxb5 60. Ke2 Rd4 61. Rf6 Rh4 62. Rxh6 Kc4 63. Rh8 Rh2+ 64. Kf3 d4 65. Kg3 Rh1 66. Kg2 Rh4 67. Kg3 Rh1 68. Kg2 Rh4 69. Kg3 Rh1 70. Kg2 Rh4 1/2-1/2

[Event "Sparkassen-Open A"]
[Site "Heusenstamm, Martinsee"]
[Date "2023.11.24"]
[Round "2.23"]
[White "Martin, Reiner"]
[Black "Euler, Gerd"]
[Result "0-1"]
[WhiteElo "1966"]
[BlackElo "2236"]
[PlyCount "102"]
[EventDate "2023.??.??"]
[WhiteTeam "SC Bad Soden"]
[BlackTeam "SSG Hungen-Lich"]

1. d4 Nf6 2. c4 e6 3. Nc3 Bb4 4. f3 d5 5. a3 Be7 6. e4 dxe4 7. fxe4 e5 8. d5 Bc5 9. Nf3 a5 10. h3 O-O 11. Bg5 Nbd7 12. Qd2 a4 13. Bd3 c6 14. g4 Qb6 15. Kf1 h6 16. Bh4 cxd5 17. cxd5 Be3 18. Qe2 Re8 19. Kg2 Nf8 20. Rhe1 Bc5 21. Bg3 Ng6 22. Bb5 Bd7 23. Bxd7 Nxd7 24. Qc2 Qa6 25. Ne2 Rac8 26. Rac1 b5 27. Qd3 Qb6 28. Nc3 Bf2 29. Rf1 Bxg3 30. Kxg3 Nf4 31. Qd2 g5 32. h4 Rc4 33. hxg5 Nc5 34. Rce1 hxg5 35. Rh1 Qg6 36. Qh2 Qg7 37. Re3 b4 38. axb4 Rxb4 39. Nxg5 Rb6 40. Nf3 Reb8 41. Nd1 Rb3 42. Nh4 Nxe4+ 43. Kf3 Ng5+ 44. Kg3 Ne4+ 45. Kf3 Ng5+ 46. Kg3 Nxd5 47. Rxb3 Rxb3+ 48. Kf2 Nf4 49. Nf5 Qf6 50. Qh6 Ng6 51. Re1 Rh3 0-1

[Event "Sparkassen-Open A"]
[Site "Heusenstamm, Martinsee"]
[Date "2023.11.24"]
[Round "2.24"]
[White "Poetsch, Leonore"]
[Black "Hebbering, Tom Elliot"]
[Result "1/2-1/2"]
[WhiteElo "1957"]
[BlackElo "2232"]
[PlyCount "132"]
[EventDate "2023.??.??"]
[WhiteTeam "VSG 1880 Offenbach"]
[BlackTeam "SK 1980 Gernsheim"]

1. e4 c5 2. Nf3 e6 3. d4 cxd4 4. Nxd4 Nc6 5. Nc3 Qc7 6. Be3 a6 7. Qd2 Nf6 8. f4 Bb4 9. Bd3 d6 10. a3 Bc5 11. Nxc6 Qxc6 12. O-O-O Bd7 13. h3 O-O-O 14. e5 Nd5 15. Bxc5 Nxc3 16. Bxd6 Nxd1 17. Rxd1 Qb6 18. Qc3+ Bc6 19. Be4 Rd7 20. a4 Kd8 21. a5 Qb5 22. Bd3 Qa4 23. Bc4 Bxg2 24. b3 Qc6 25. Qg3 Rg8 26. Qg5+ Kc8 27. Rd4 Bd5 28. Bxd5 exd5 29. Qg2 Rxd6 30. exd6 Qxd6 31. Qxd5 Qxd5 32. Rxd5 Re8 33. Rf5 f6 34. Kd2 Kd7 35. c4 Re4 36. Kd3 Re1 37. h4 Rh1 38. Rh5 h6 39. b4 Ke6 40. Rc5 Rh3+ 41. Ke4 Rxh4 42. Rc7 g5 43. Rxb7 Rxf4+ 44. Kd3 g4 45. b5 g3 46. Rg7 axb5 47. cxb5 Rf5 48. Kc4 Rg5 49. Rxg5 hxg5 50. a6 g2 51. a7 g1=Q 52. a8=Q Qf1+ 53. Kc5 Qf2+ 54. Kc4 Qe2+ 55. Kc5 Qe3+ 56. Kc4 Qf4+ 57. Kc5 Qd6+ 58. Kc4 Ke5 59. Qa1+ Ke6 60. Qa6 Kd7 61. b6 Qc6+ 62. Kb4 g4 63. Qa7+ Kc8 64. Qa6+ Kd7 65. Qa7+ Kc8 66. Qa6+ Kd7 1/2-1/2

[Event "Sparkassen-Open A"]
[Site "Heusenstamm, Martinsee"]
[Date "2023.11.24"]
[Round "2.25"]
[White "Kersten, Uwe"]
[Black "Thomas, Tobias"]
[Result "1/2-1/2"]
[WhiteElo "2227"]
[BlackElo "1923"]
[PlyCount "49"]
[EventDate "2023.??.??"]
[WhiteTeam "Kasseler SK 1876"]
[BlackTeam "SK Langen"]

1. d4 Nf6 2. Nf3 c5 3. d5 b5 4. Bg5 Qa5+ 5. c3 d6 6. Bxf6 exf6 7. e4 Nd7 8. Nbd2 Be7 9. a4 bxa4 10. Rxa4 Qc7 11. Qa1 O-O 12. Ba6 Nb6 13. Ra2 Bd7 14. Bd3 f5 15. c4 fxe4 16. Bxe4 f5 17. Bd3 Bf6 18. O-O a5 19. Qb1 g6 20. Qc2 a4 21. Nb1 Rfb8 22. Nc3 Be8 23. Re1 Qg7 24. Nd1 Bd7 25. h4 1/2-1/2

[Event "Sparkassen-Open A"]
[Site "Heusenstamm, Martinsee"]
[Date "2023.11.24"]
[Round "2.26"]
[White "Heppert, Lars"]
[Black "Prill, Daniel"]
[Result "0-1"]
[WhiteElo "1943"]
[BlackElo "2182"]
[PlyCount "64"]
[EventDate "2023.??.??"]
[WhiteTeam "SK Neuburg"]
[BlackTeam "SC Heitersheim"]

1. Nf3 Nf6 2. c4 c6 3. Nc3 d5 4. e3 g6 5. d4 Bg7 6. Be2 O-O 7. O-O b6 8. Ne5 Bb7 9. cxd5 cxd5 10. b3 Nbd7 11. f4 Ne4 12. Nxe4 dxe4 13. Ba3 Nf6 14. Rc1 Nd5 15. Qd2 a6 16. Bc4 Re8 17. f5 f6 18. Bxd5+ Bxd5 19. Nxg6 hxg6 20. fxg6 Bh6 21. Qe2 Kg7 22. Rce1 Qd7 23. Qf2 Rac8 24. Re2 a5 25. Kh1 b5 26. Bc5 a4 27. bxa4 Bc4 28. a5 Bxe2 29. Qxe2 Ra8 30. Bb6 Rec8 31. Qh5 Rc2 32. h3 Rh8 0-1

[Event "Sparkassen-Open A"]
[Site "Heusenstamm, Martinsee"]
[Date "2023.11.24"]
[Round "2.27"]
[White "Heimrath, Reiner"]
[Black "Weiss, Matthias"]
[Result "1/2-1/2"]
[WhiteElo "2155"]
[BlackElo "1983"]
[PlyCount "38"]
[EventDate "2023.??.??"]
[WhiteTeam "SC Noris-Tarrasch Nürnberg 1873"]
[BlackTeam "SF Schöneck"]

1. e4 c5 2. Nc3 e6 3. g3 d5 4. d3 Nf6 5. Bg2 dxe4 6. Nxe4 Nxe4 7. Bxe4 Nd7 8. Ne2 Nf6 9. Bg2 Be7 10. O-O O-O 11. d4 Qb6 12. c3 Bd7 13. Qb3 Bc6 14. Qxb6 axb6 15. Re1 Rfe8 16. a3 h6 17. h3 b5 18. dxc5 Bxc5 19. Nd4 Bxg2 1/2-1/2

[Event "Sparkassen-Open A"]
[Site "Heusenstamm, Martinsee"]
[Date "2023.11.24"]
[Round "2.28"]
[White "Piepenhagen, Eric"]
[Black "Wolf, Dr. Ulrich Martin"]
[Result "1/2-1/2"]
[WhiteElo "1838"]
[BlackElo "2203"]
[PlyCount "88"]
[EventDate "2023.??.??"]
[WhiteTeam "Niendorfer TSV 1919 SAbt"]
[BlackTeam "SK Bad Homburg 1927"]

1. e4 c5 2. Nf3 Nc6 3. d4 cxd4 4. Nxd4 e5 5. Nb5 d6 6. c4 Be6 7. N1c3 a6 8. Na3 Nf6 9. Bd3 Rc8 10. O-O Be7 11. h3 O-O 12. Be3 Nd7 13. Nd5 Bg5 14. Nc2 Bxe3 15. Ncxe3 Qg5 16. Kh1 Rfe8 17. Rc1 Nd4 18. Nc2 Nxc2 19. Rxc2 Qh4 20. Qf3 Bxd5 21. cxd5 Rxc2 22. Bxc2 Rc8 23. Bd3 Qf4 24. Qe2 Rc1 25. Rxc1 Qxc1+ 26. Kh2 g6 27. Qc2 Qxc2 28. Bxc2 a5 29. f3 Kf8 30. Kg3 Ke7 31. Kf2 Kd8 32. Ke3 g5 33. Bd3 h5 34. g4 h4 35. Kd2 f6 36. Kc3 Kc7 37. Bb5 Nc5 38. b4 axb4+ 39. Kxb4 Kb6 40. Bf1 Na6+ 41. Bxa6 bxa6 42. a4 a5+ 43. Kc4 Ka6 44. Kc3 Kb6 1/2-1/2

[Event "Sparkassen-Open A"]
[Site "Heusenstamm, Martinsee"]
[Date "2023.11.24"]
[Round "2.29"]
[White "Ngo, Quang Thai"]
[Black "Pauls, Wilhelm"]
[Result "1-0"]
[WhiteElo "2080"]
[BlackElo "1967"]
[PlyCount "55"]
[EventDate "2023.??.??"]
[WhiteTeam "Aachener SV 1856 e. V."]
[BlackTeam "Sportgemeinschaft Kaarst 1912/35"]

1. Nf3 Nf6 2. d4 g6 3. c3 Bg7 4. Bf4 d6 5. Nbd2 Nc6 6. e4 Nd7 7. h4 Nf6 8. Be2 Bg4 9. d5 Nb8 10. Nd4 Bxe2 11. Qxe2 c6 12. h5 Nxh5 13. Rxh5 Bxd4 14. cxd4 gxh5 15. Qxh5 Nd7 16. e5 dxe5 17. dxe5 Qa5 18. e6 Qxd5 19. exd7+ Kxd7 20. Qe2 Rad8 21. O-O-O Kc8 22. Qxe7 Rd7 23. Qa3 b5 24. Re1 Kb7 25. Be3 a6 26. Nb3 Qc4+ 27. Kb1 Kb8 28. Nc5 1-0

[Event "Sparkassen-Open A"]
[Site "Heusenstamm, Martinsee"]
[Date "2023.11.24"]
[Round "2.30"]
[White "Derr, Oleg"]
[Black "Siegert, Gregor"]
[Result "0-1"]
[WhiteElo "1808"]
[BlackElo "2109"]
[PlyCount "86"]
[EventDate "2023.??.??"]
[WhiteTeam "VSG 1880 Offenbach"]
[BlackTeam "Schachforum Darmstadt 1994"]

1. d4 Nf6 2. c4 e6 3. g3 c5 4. d5 exd5 5. cxd5 d6 6. Nc3 g6 7. Bg2 Bg7 8. Nf3 O-O 9. O-O Na6 10. h3 Rb8 11. e4 b5 12. Nd2 Nb4 13. Nf3 Re8 14. a3 Na6 15. Nd2 c4 16. a4 b4 17. Nb5 Nc5 18. Nxc4 Nfxe4 19. Bf4 Ba6 20. f3 Nxa4 21. Rxa4 Bxb5 22. Rxb4 Bxc4 23. Rxc4 Nf6 24. b4 Rb5 25. Qa4 Qb6+ 26. Kh2 Nxd5 27. Rfc1 Nxf4 28. Rxf4 Bh6 29. Re4 Rd8 30. Rce1 Bg5 31. f4 Bf6 32. g4 h6 33. f5 Be5+ 34. Kh1 g5 35. Rb1 Rb8 36. Rf1 Kg7 37. Qa3 Bf6 38. Rc4 d5 39. Rc5 Rd8 40. Rfc1 Rxb4 41. Rc6 Qd4 42. Qa5 Rc4 43. R6xc4 dxc4 0-1

[Event "Sparkassen-Open A"]
[Site "Heusenstamm, Martinsee"]
[Date "2023.11.24"]
[Round "2.31"]
[White "Winter, Lars"]
[Black "Hoppstädter, Daniel"]
[Result "0-1"]
[WhiteElo "1896"]
[BlackElo "2186"]
[PlyCount "65"]
[EventDate "2023.??.??"]
[WhiteTeam "SV 1926 Fechenheim"]
[BlackTeam "Lasker Kirkel"]

1. e4 c6 2. d4 d5 3. exd5 cxd5 4. c4 Nf6 5. Nc3 e6 6. Nf3 Be7 7. Bd3 Nc6 8. O-O O-O 9. a3 b6 10. cxd5 Nxd5 11. Nxd5 Qxd5 12. Qc2 f5 13. Rd1 b5 14. Qe2 a6 15. Bb1 Bf6 16. Ba2 Qe4 17. Qxe4 fxe4 18. Ng5 Bxd4 19. Nxe4 Kh8 20. Rb1 e5 21. Bd5 Bb7 22. Rxd4 exd4 23. Nd6 Rad8 24. Nf7+ Rxf7 25. Bxf7 Ne5 26. Bh5 Be4 27. Ra1 Nd3 28. Be2 Nc5 29. Bg5 Rd5 30. h4 h6 31. Bf4 Bc2 32. Bd1 Nb3 33. Bxc2 0-1

[Event "Sparkassen-Open A"]
[Site "Heusenstamm, Martinsee"]
[Date "2023.11.24"]
[Round "2.32"]
[White "Mester, Philipp"]
[Black "Foerster-Yialamas, Lucas"]
[Result "0-1"]
[WhiteElo "1806"]
[BlackElo "2175"]
[PlyCount "68"]
[EventDate "2023.??.??"]
[WhiteTeam "SVG CAISSA Kassel"]
[BlackTeam "Sabt Frankfurter TV 1860"]

1. d4 Nf6 2. c4 g6 3. f3 e6 4. e4 c5 5. d5 Bg7 6. Nc3 d6 7. Nge2 exd5 8. cxd5 O-O 9. Ng3 Nbd7 10. Be2 h5 11. O-O Nh7 12. Be3 h4 13. Nh1 f5 14. exf5 gxf5 15. Qd2 Re8 16. Bh6 Bd4+ 17. Nf2 a6 18. Bd3 Qf6 19. Ne2 Bxb2 20. Rab1 Ba3 21. Ng4 Qf7 22. Qc2 Ndf6 23. Bxf5 Bxf5 24. Qxf5 Rxe2 25. Qd3 Rae8 26. Qxa3 Qxd5 27. Qc3 Qxa2 28. Rxb7 Rxg2+ 29. Kh1 Qe2 30. Rfb1 h3 31. Rg7+ Kh8 32. Rxh7+ Kxh7 33. Rb7+ Re7 34. Nxf6+ Kg6 0-1

[Event "Sparkassen-Open A"]
[Site "Heusenstamm, Martinsee"]
[Date "2023.11.24"]
[Round "2.33"]
[White "Seidel, Andre"]
[Black "Wortmann, Klaus-Peter"]
[Result "1/2-1/2"]
[WhiteElo "2181"]
[BlackElo "1969"]
[PlyCount "27"]
[EventDate "2023.??.??"]
[WhiteTeam "SV Oberursel"]
[BlackTeam "Märkischer Springer Halver-Schal"]

1. e4 c5 2. c3 d6 3. d4 cxd4 4. cxd4 d5 5. exd5 Nf6 6. Qa4+ Qd7 7. Qxd7+ Nbxd7 8. Nc3 Nb6 9. d6 exd6 10. Nf3 Be7 11. h3 O-O 12. Bd3 Be6 13. O-O Rac8 14. Re1 1/2-1/2

[Event "Sparkassen-Open A"]
[Site "Heusenstamm, Martinsee"]
[Date "2023.11.24"]
[Round "2.34"]
[White "Lenz, Joshua"]
[Black "Papadopoulos, Ioannis"]
[Result "1-0"]
[WhiteElo "1806"]
[BlackElo "2142"]
[PlyCount "127"]
[EventDate "2023.??.??"]
[WhiteTeam "SV Turm Lahnstein"]
[BlackTeam "SV Oberursel"]

1. e4 c5 2. d4 cxd4 3. c3 Nf6 4. e5 Nd5 5. Qxd4 e6 6. Bd3 Nc6 7. Qe4 f5 8. Qe2 Be7 9. Nf3 O-O 10. O-O d6 11. exd6 Bxd6 12. Rd1 Qc7 13. Bc2 Kh8 14. a3 Nf6 15. Nbd2 Ng4 16. h3 Nge5 17. b4 Nxf3+ 18. Nxf3 Ne5 19. Nd4 Bd7 20. Bd2 Rfe8 21. Bb3 a6 22. Rac1 b5 23. c4 Nxc4 24. Bxc4 bxc4 25. Rxc4 Qb7 26. Qh5 Qd5 27. Rdc1 e5 28. Nf3 Kg8 29. Rh4 h6 30. Bxh6 Qf7 31. Qxf7+ Kxf7 32. Rd1 Ke7 33. Bxg7 Ba4 34. Rd2 e4 35. Nd4 Bd7 36. g3 Kf7 37. Ne2 Re6 38. Nf4 Rae8 39. Nxe6 Rxe6 40. Bb2 Kg6 41. Rh8 Bc6 42. Bd4 f4 43. gxf4 Bxf4 44. Be3 Kg7 45. Rh4 Be5 46. Bd4 Bxd4 47. Rxd4 e3 48. fxe3 Rxe3 49. Rd6 Bb5 50. a4 Bxa4 51. Rxa6 Bb5 52. Rb6 Be8 53. b5 Rb3 54. Rb7+ Kf6 55. b6 Kg5 56. Rd4 Bc6 57. h4+ Kf5 58. Rb8 Ke5 59. Rg4 Bf3 60. Rg7 Kf4 61. b7 Rb1+ 62. Kf2 Rb2+ 63. Ke1 Re2+ 64. Kf1 1-0